effect of usage compost steong meanchey on rice crop ir 66 (ឥទ្ធិពលនៃការប្រើប្រាស់ជីកំប៉ុស្តិ៍ស្ទឹងមានជ័យលើដំណាំស្រូអ៊ីអ៊ែ ៦៦) (Record no. 559)

000 -LEADER
fixed length control field 00613nam a22001577a 4500
003 - CONTROL NUMBER IDENTIFIER
control field OSt
005 - DATE AND TIME OF LATEST TRANSACTION
control field 20150916105949.0
008 - FIXED-LENGTH DATA ELEMENTS--GENERAL INFORMATION
fixed length control field 150916b xxu||||| |||| 00| 0 eng d
040 ## - CATALOGING SOURCE
Transcribing agency RUA
082 ## - DEWEY DECIMAL CLASSIFICATION NUMBER
Classification number AGR NGO 2002 B027 Or.1
100 ## - MAIN ENTRY--PERSONAL NAME
9 (RLIN) 580
Personal name NGOUN, SOPHEAP.
245 ## - TITLE STATEMENT
Title effect of usage compost steong meanchey on rice crop ir 66 (ឥទ្ធិពលនៃការប្រើប្រាស់ជីកំប៉ុស្តិ៍ស្ទឹងមានជ័យលើដំណាំស្រូអ៊ីអ៊ែ ៦៦)
260 ## - PUBLICATION, DISTRIBUTION, ETC. (IMPRINT)
Place of publication, distribution, etc. Phnom Penh
Name of publisher, distributor, etc. RUA
Date of publication, distribution, etc. 2002
300 ## - PHYSICAL DESCRIPTION
Extent 51p.
Other physical details ill.
Dimensions 29cm.
942 ## - ADDED ENTRY ELEMENTS (KOHA)
Source of classification or shelving scheme
Koha item type AGR
Holdings
Price effective from Date last seen Permanent Location Not for loan Date acquired Source of classification or shelving scheme Koha item type Lost status Withdrawn status Date last checked out Total Checkouts Shelving location Damaged status Barcode Current Location Full call number
2015-09-162023-11-21Library Block B 2015-09-16 AGR  2023-11-142B027 RUA002807Library Block BAGR NGO 2002 B027 Or.1
2015-09-162015-09-16Library Block B 2015-09-16 AGR    B027 RUA002812Library Block BAGR NGO 2002 B027 Or.2
មជ្ឈមណ្ឌលឯការនៃសាកលវិទ្យាល័យភូមិន្ទកសិកម្មចំការដូង

Powered by Koha